The relationship between the tourism of Pannonhalma Wine Region and Abbey and the city of Győr

Bibliográfiai részletek
Szerző: Ferenc Enikő
További közreműködők: Cservák Dr György
Dokumentumtípus: Diplomadolgozat
Kulcsszavak:Wine tourism
Győr
Pannonhalma
abbey
winery
Online Access:http://dolgozattar.uni-bge.hu/4746

MARC

LEADER 00000nta a2200000 i 4500
001 dolg4746
005 20180301164432.0
008 151215suuuu hu om 000 eng d
040 |a BGE Dolgozattár Repozitórium  |b hun 
041 |a en 
100 1 |a Ferenc Enikő 
245 1 4 |a The relationship between the tourism of Pannonhalma Wine Region and Abbey and the city of Győr  |c Ferenc Enikő  |h [elektronikus dokumentum] 
695 |a Wine tourism 
695 |a Győr 
695 |a Pannonhalma 
695 |a abbey 
695 |a winery 
700 1 |a Cservák Dr György  |e ths 
856 4 0 |u http://dolgozattar.uni-bge.hu/4746/1/Enik%C5%91%20Ferenc%20-%20Dissertation.pdf  |z Dokumentum-elérés